Library of the University of Algiers 3
Ibrahim Sultan Cheibout
شعار جامعة الجزائر 3
مكتبة جامعة الجزائر 3
إبراهيم سلطان شيبوط

القانون الدولي العام : (رقم التسجيلة. 45303)

تفاصيل مارك
000 -LEADER
fixed length control field 01071nam a2200205Ia 4500
003 - CONTROL NUMBER IDENTIFIER
control field Ost
005 - DATE AND TIME OF LATEST TRANSACTION
control field 20260507075636.0
008 - FIXED-LENGTH DATA ELEMENTS--GENERAL INFORMATION
fixed length control field 260507s9999||||xx |||||||||||||| ||und||
040 ## - CATALOGING SOURCE
Transcribing agency fsecg
041 ## - LANGUAGE CODE
Language code of text/sound track or separate title ara
082 ## - DEWEY DECIMAL CLASSIFICATION NUMBER
Classification number 341.44
100 ## - MAIN ENTRY--PERSONAL NAME
Personal name الدقاق، محمد السعيد
Relator term مؤلف
245 #0 - TITLE STATEMENT
Title القانون الدولي العام :
Remainder of title المصادر- النظام الدبلوماسي والقتصلي- الأشخاص- قانون البحار /
Statement of responsibility, etc. محمد السعيد الدقاق
260 ## - PUBLICATION, DISTRIBUTION, ETC.
Place of publication, distribution, etc. بيروت:
Name of publisher, distributor, etc. الدار الجامعية,
Date of publication, distribution, etc. 1993
300 ## - PHYSICAL DESCRIPTION
Extent 480 صفحة؛
Other physical details إيضاحات ؛
Dimensions 24 سم
520 ## - SUMMARY, ETC.
Summary, etc. مصادر القانون الدولي- النظام الدبلوماسي والقنصلي- أشخاص القانون الدولي- قانون البحار- القواعد المتعلقة بالمناطق البحرية الخاضعة- المناطق البحرية الخارجة عن الولاية
653 ## - INDEX TERM--UNCONTROLLED
Uncontrolled term القانون الدولي
700 ## - ADDED ENTRY--PERSONAL NAME
Personal name حسين، مصطفى سلامة
Relator term مؤلف ثانوي
942 ## - ADDED ENTRY ELEMENTS (KOHA)
Koha item type كتب
المقتنيات
Withdrawn status Lost status Source of classification or shelving scheme Damaged status Not for loan Home library Current library Date acquired Serial enumeration / chronology Inventory number Total checkouts Full call number Barcode Date last seen Price effective from Koha item type
    Dewey Decimal Classification   NOT LOAN / إعارة داخلية مكتبة كلية العلوم الإقتصادية والعلوم التجارية وعلوم التسيير مكتبة كلية العلوم الإقتصادية والعلوم التجارية وعلوم التسيير 07/05/2026 الطابق الأرضي 562/1   أ/562ن1 562/1 07/05/2026 07/05/2026 كتب

موارد الويب المفتوحة


© University of Algiers 3 All Rights Reserved
|
Implemented by LECHELAH Riad